[Event "28th WSCC Women 50 2018"]
[Site "Bled"]
[Date "2018.11.28"]
[Round "10"]
[White "Kasoshvili, Tsiala"]
[Black "Krasenkova, Ilena"]
[Result "1-0"]
[WhiteElo "2029"]
[BlackElo "2144"]
[Annotator "NA RC"]
[PlyCount "165"]
[EventDate "2018.11.17"]
[EventType "swiss"]
[EventCountry "SLO"]
[SourceTitle "playchess.com"]
[Source "ChessBase"]
[SourceQuality "1"]
[TimeControl "40/5400+30:1800+30"]

1. d4 d5 2. c4 e6 3. Nf3 Nf6 4. e3 c5 5. Nc3 cxd4 6. Nxd4 Be7 {A32: Symmetrical English: 2 Nf3 Nf6 3 d4 cxd4 4 Nxd4 e6} (6... Nc6 7. cxd5 Nxd5 8. Nxc6 bxc6 9. Bd2 Be7 10. Qc2 O-O 11. Be2 Rb8 12. a3 Nxc3 13. Bxc3 Qb6 14. Bd3 h6 {1-0 (40) Nakamura,H (2787)-Carlsen,M (2853) chess.com INT 2016}) 7. cxd5 exd5 8. Bb5+ Bd7 9. Bxd7+ Qxd7 10. O-O O-O 11. Qf3 $146 ({Predecessor:} 11. b3 Nc6 12. Bb2 Rfe8 13. Rc1 Rac8 14. Nxc6 bxc6 {½-½ (28) Jimenez Zerquera,E-Yepez Obando,O Pichincha 1969}) 11... Nc6 12. Rd1 Bb4 13. Nce2 Rfd8 14. Bd2 Bxd2 15. Rxd2 Ne4 16. Rdd1 g6 17. Qf4 Rac8 18. a3 Ne7 19. h4 Qc7 20. Qxc7 Rxc7 21. Rac1 Rxc1 22. Rxc1 Rd7 23. Nf4 a6 24. Rc2 Kg7 25. Kf1 Kf6 26. Ke2 h6 27. Kd3 Kg7 28. g4 Nf6 29. f3 g5 30. hxg5 hxg5 31. Nfe2 Kg6 32. Ng3 Ne8 33. b3 Nd6 34. Rc5 Kf6 35. Nh5+ Kg6 36. Ng3 Kf6 37. a4 Kg6 38. a5 Kf6 39. Nge2 Kg6 40. Nc3 Ne8 41. Na4 Kf6 42. Nb6 Rd8 43. f4 gxf4 44. exf4 Kg6 45. Rc2 Kg7 46. g5 Kg6 47. Rh2 Nd6 48. Rh6+ Kg7 49. Na4 (49. Re6 $5 Kf8 50. Re2 $14) 49... Ne4 (49... Ng6 $11 {keeps the balance.}) 50. Nc3 Nc5+ 51. Ke3 Re8 52. Kf3 Rc8 53. Nce2 Ne4 54. Rb6 Rc7 55. Kg4 Nf2+ 56. Kg3 Ne4+ 57. Kh4 Kh7 58. f5 Rd7 59. Rh6+ Kg8 60. Kg4 Rd6 (60... Rd8 $16 {was worth a try.} 61. Nf4 Nf2+ 62. Kg3 Ne4+ 63. Kh4 Rd7) 61. f6 Ng6 62. Nf5 Nxf6+ 63. gxf6 Rxf6 64. Ned4 Ne5+ 65. Kf4 Nd7 66. Rxf6 Nxf6 67. Nd6 Nd7 68. Nxb7 Kf8 69. Kf5 Ke7 $18 70. Nc6+ Ke8 71. Nd6+ Kf8 72. b4 Kg7 73. Ne8+ Kf8 74. Nc7 d4 75. Ke4 Kg7 76. Kxd4 f5 77. Nxa6 Kf6 78. Nc5 Nxc5 79. Kxc5 f4 80. Nd4 Ke7 81. a6 f3 82. Nxf3 Kd7 83. a7 1-0

[Event "28th WSCC Women 50 2018"]
[Site "Bled"]
[Date "2018.11.29"]
[Round "11"]
[White "Grabuzova, Tatiana"]
[Black "Birkholz, Olga"]
[Result "1-0"]
[WhiteElo "2326"]
[BlackElo "2061"]
[Annotator "TA"]
[PlyCount "65"]
[EventDate "2018.11.17"]
[EventType "swiss"]
[EventCountry "SLO"]
[SourceTitle "playchess.com"]
[Source "ChessBase"]
[SourceQuality "1"]

{[%evp 18,65,45,53,91,88,85,77,70,44,124,107,108,87,113,86,118,98,129,158,175,152,149,74,278,250,306,303,458,471,544,529,653,659,641,639,820,704,673,681,29987,29986,29990,29991,29994,29995,29997,29998,29998,29999]} 1. d4 f5 2. c4 g6 3. Nc3 Bg7 4. Nf3 d6 5. g3 Nf6 6. Bg2 O-O 7. O-O Qe8 8. Nd5 Na6 {A87: Dutch Defence: Leningrad System: 5 Nf3} (8... Nxd5 9. cxd5 Qb5 10. Qc2 Na6 11. e3 h6 12. Ne1 e5 13. dxe6 Bxe6 14. a4 Qb6 15. Bd2 c5 16. d5 Bd7 17. Nd3 Nb4 18. Nxb4 cxb4 {0-1 (52) Pashikian,A (2614)-Grigoryan,K (2587) Yerevan 2015}) 9. Nxf6+ Rxf6 10. e4 {LiveBook: 7 Games} c6 {White is slightly better.} 11. e5 dxe5 12. dxe5 Rf8 13. Be3 Be6 $146 (13... Nc7 $14) ({Predecessor:} 13... Nc7 14. Qe2 Ne6 15. Ng5 Nxg5 16. Bxg5 {1-0 (42) Dziadyk,P (2243)-Zakharchenko,A (2339) Kiev 2004}) 14. Qe2 Nc7 15. Rac1 h6 16. h4 $36 {[%mdl 2048] White is really pushing.} Qf7 17. Bf4 Kh7 18. h5 gxh5 19. Nh4 Bd7 20. Bf3 (20. Rfd1 $142 e6 21. b4) 20... Ne6 $2 {[#]} (20... Be8 $16) 21. Bxh5 $18 Nxf4 22. gxf4 Qe6 (22... Qg8 {was necessary.} 23. Kh2 e6) 23. Kh2 Be8 24. Rg1 Rg8 25. Bg6+ Bxg6 26. Rxg6 Qd7 27. Rd1 Qe8 28. Qh5 {[#] Threatening mate with Rdg1.} e6 {If Black can now play ...Bf8 this consolidates a bit.} 29. Rd6 {White mates.} Rd8 30. Rdxe6 Qf8 31. Nxf5 Rd2 32. Rxh6+ Bxh6 33. Rxh6+ {Accuracy: White = 68%, Black = 28%.} 1-0

[Event "28th WSCC Women 50 2018"]
[Site "Bled"]
[Date "2018.11.29"]
[Round "11"]
[White "Aseeva, Marina"]
[Black "Strutinskaia, Galina"]
[Result "0-1"]
[WhiteElo "2173"]
[BlackElo "2201"]
[Annotator "TA"]
[PlyCount "86"]
[EventDate "2018.11.17"]
[EventType "swiss"]
[EventCountry "SLO"]
[SourceTitle "playchess.com"]
[Source "ChessBase"]
[SourceQuality "1"]

{[%evp 14,86,28,23,71,62,60,67,72,72,69,34,43,42,36,18,41,19,40,-17,21,-4,-8,-29,-4,-18,2,-27,-28,-47,-60,-119,-109,-115,-40,-32,0,-46,52,-22,97,105,110,20,22,-4,0,-16,69,70,113,90,106,-33,-21,-92,-57,-74,0,-11,-7,-77,-38,-287,-141,-337,-346,-343,-333,-396,-329,-417,-377,-672,-652]} 1. e4 c5 2. Nf3 d6 3. d4 cxd4 4. Nxd4 Nf6 5. Nc3 a6 6. Be3 (6. f3 e5 7. Nb3 Be6 8. Be3 Nbd7 9. g4 Be7 10. Qd2 b5 11. g5 b4 12. Ne2 Nh5 13. Ng3 Nf4 14. Bxf4 exf4 15. Nh5 O-O 16. h4 Ne5 17. Qxf4 Qc7 18. O-O-O Rfc8 {1-0 (34) Aronian,L (2767)-Vachier Lagrave,M (2779) Saint Louis 2018}) 6... Ng4 7. Bc1 Nc6 {B90: Sicilian Najdorf: Unusual White 6th moves, 6 Be3 Ng4 and 6 Be3 e5} 8. Be2 {[#] LiveBook: 33 Games. Strongly threatening Nxc6.} Nge5 9. Be3 e6 {White is slightly better.} 10. f4 $146 ({Predecessor:} 10. Qd2 Be7 11. O-O-O Bd7 12. f4 Ng6 13. g4 Nxd4 14. Bxd4 O-O 15. Be3 {1-0 (33) Sambuco Salomone,L (2003)-Dominguez,A Villa Ballester 2006}) 10... Nxd4 11. Qxd4 Nc6 12. Qd2 Be7 13. O-O-O b5 14. Bf3 O-O 15. Kb1 (15. h4 $5) 15... Rb8 16. Qf2 (16. h4 $14) 16... Qa5 17. g4 Bd7 18. g5 Rfc8 $1 19. Bd2 Qc7 20. Rc1 a5 21. Rhg1 a4 22. Rg3 (22. Nd1 $15) 22... b4 23. Nd1 Bf8 (23... b3 $17 24. cxb3 axb3) 24. Rh3 $15 g6 25. Qh4 {[%csl Gh3][%cal Rh4h7] [#]} h6 (25... h5 $15 26. Bxh5 (26. gxh6 Be7 $15) 26... Bg7) 26. gxh6 (26. Ne3 $14 Nd4 27. Ng4 (27. gxh6 Qd8 $11) 27... Nxc2 28. Bd1 Na3+ 29. Rxa3 bxa3 30. Rxc7 Rxb2+ 31. Ka1 Rxd2 32. Nf6+ {[%mdl 64] Double Attack} Kh8 33. Qe1 Rxd1+ 34. Qxd1 Rxc7 35. Nxd7 Rxd7 36. Qxa4 Bg7+ 37. Kb1 Rb7+ 38. Kc1 Bb2+ 39. Kd2) 26... Kh7 (26... Be7 $11 27. Qg4 Kh7) 27. Qf6 $16 Be8 28. f5 (28. Nf2 $16) 28... Qe7 $11 29. fxg6+ fxg6 30. Qf4 Ne5 (30... e5 $11 31. Qe3 Nd4) 31. Be2 $1 $14 Bb5 32. Bxb5 Rxb5 33. Qf1 ({White should try} 33. Nf2 $16) 33... Nc4 $15 34. Qd3 (34. Be1 $11 {keeps the balance.}) 34... Qf6 $36 {[%mdl 2048] Black has good play.} 35. Be3 $1 Rh5 (35... d5 $17 36. Rg3 Ra5) 36. Rxh5 $11 gxh5 37. e5+ (37. Bd4 $11 {remains equal.} e5 38. Ne3 Bxh6 39. Ba7) 37... Qg6 {[%mdl 1024] Black has strong compensation.} 38. Qd4 $2 ({Better is} 38. exd6 $15 Nxe3 39. Qxg6+ (39. Qxe3 Bxh6 40. Qa7+ Qg7 $17) 39... Kxg6 40. d7) 38... Rc7 (38... b3 $19 39. axb3 axb3 40. Qa7+ Kg8) 39. Bf4 $2 (39. Qd3 $17 {might work better.}) 39... d5 $19 40. Qd3 Rf7 ({Less strong is} 40... Bxh6 41. Bxh6 Kxh6 42. Qxg6+ Kxg6 43. Nf2 $19) 41. Be3 a3 {[%cal Ba4a3,Ba3b2][%mdl 32]} 42. Qxg6+ Kxg6 43. h4 $2 (43. b3 Nxe3 44. Nxe3) 43... axb2 {Accuracy: White = 20%, Black = 52%.} 0-1

[Event "28th WSCC Women 50 2018"]
[Site "Bled"]
[Date "2018.11.29"]
[Round "11"]
[White "Bogumil, Tatiana"]
[Black "Mednikova, Svetlana"]
[Result "1/2-1/2"]
[WhiteElo "2114"]
[BlackElo "2099"]
[Annotator "NA RC"]
[PlyCount "34"]
[EventDate "2018.11.17"]
[EventType "swiss"]
[EventCountry "SLO"]
[SourceTitle "playchess.com"]
[Source "ChessBase"]
[SourceQuality "1"]
[TimeControl "40/5400+30:1800+30"]

{[%evp 9,30,-33,35,31,20,32767,32767,26,32767,40,32767,32767,32767,-5,32767,32767,32767,-17,0,0,0,32767,-37]} 1. Nf3 Nf6 2. g3 d5 3. c4 c5 4. Bg2 Nc6 5. O-O e6 6. cxd5 Nxd5 {LiveBook: 225 Games} 7. d4 Nc7 8. Be3 (8. dxc5 $16 Bxc5 9. Qxd8+ Nxd8 10. Nc3) 8... Nd5 9. Bg5 f6 10. e4 Nc7 11. d5 ({White should try} 11. Be3 $14) 11... exd5 12. exd5 Qxd5 13. Bd2 Be7 14. Nc3 Qf7 15. Bf4 Ne6 $15 16. Bd6 O-O 17. Bxe7 Nxe7 1/2-1/2

[Event "28th WSCC Women 50 2018"]
[Site "Bled"]
[Date "2018.11.29"]
[Round "11"]
[White "Makropoulou, Marina"]
[Black "Alikhanashvili, Giuli"]
[Result "1-0"]
[WhiteElo "2110"]
[BlackElo "1816"]
[Annotator "TA"]
[PlyCount "103"]
[EventDate "2018.11.17"]
[EventType "swiss"]
[EventCountry "SLO"]
[SourceTitle "playchess.com"]
[Source "ChessBase"]
[SourceQuality "1"]

{[%evp 9,103,41,62,64,58,52,57,57,60,56,88,63,77,77,77,62,85,95,154,165,160,27,166,166,387,391,390,275,275,254,283,262,293,277,267,230,277,261,343,311,394,386,398,366,646,599,528,407,535,367,367,367,828,680,965,671,889,551,797,739,718,578,1120,1079,1286,754,751,719,452,1004,1789,986,974,972,970,916,917,924,944,934,1256,1193,1379,1121,1257,1246,1323,1357,2585,2577,2537,2231,2525,2443,3215,3000]} 1. e4 {[%cal Be2e4,Be4e5][%mdl 32]} d6 2. d4 Nf6 3. Nc3 e6 4. Nf3 Be7 5. Bd3 d5 (5... Nc6 6. h3 O-O 7. a3 e5 8. Be3 exd4 9. Nxd4 Nd7 10. Nd5 Nb6 11. Nxc6 bxc6 12. Nxe7+ Qxe7 {0-1 (31) Daulyte,D (2429)-Lenderman,A (2581) London 2016}) 6. e5 {B07: Pirc Defence: Miscellaneous Systems} Nfd7 7. Ne2 c5 {Hoping for ...c4.} 8. c3 $1 {White is slightly better.} Nc6 9. O-O a6 10. Be3 c4 $146 ({Predecessor:} 10... b5 11. g3 Bb7 12. Nf4 g6 {1-0 (30) Pina,U (2214)-Van Riemsdijk,D (1955) Foz do Iguacu 2018}) 11. Bc2 b5 12. Qd2 Bb7 13. Ng5 h6 {[#]} (13... g6 $142) 14. Nxe6 $1 $16 {[%mdl 64] Deflection} fxe6 15. Bg6+ Kf8 {next ...Kg8 is good for Black.} 16. Nf4 Nc5 $2 (16... Kg8) 17. dxc5 $18 Qd7 18. Bd4 Bg5 {[#]} 19. h4 $1 {[%cal Bh2h4,Bh4h5][%mdl 544]} Bxf4 (19... Bxh4 20. Bh5) 20. Qxf4+ Ke7 21. h5 Kd8 22. b3 cxb3 23. axb3 {[%cal Ba2b3,Bb3b4][%mdl 32]} Kc7 24. Qg3 Rhf8 25. f4 Nxd4 26. cxd4 Kc6 $2 (26... Bc6 27. f5 Kb7) 27. b4 Bc8 28. Ra5 Qe7 29. Qg4 Ra7 30. Bd3 Rf7 $2 (30... Kb7 31. Rfa1 Bd7) 31. g3 {White is clearly winning.} Rc7 32. Qg6 Kb7 33. f5 Rc6 {Threatening ...exf5.} 34. f6 gxf6 35. exf6 Qc7 36. Kh2 Qd7 37. Ra2 e5 38. dxe5 Qh3+ 39. Kg1 Rcc7 40. Rh2 Qe6 41. Re2 Qe8 42. Bf5 Be6 43. Qxh6 a5 44. Qf4 a4 45. g4 {[%cal Bg3g4,Bg4g5][%mdl 32]} Rfd7 46. Bg6 Qf8 47. g5 d4 48. Bd3 Bc4 49. e6 Bxd3 50. Qf3+ Ka7 51. Qxd3 Rd5 52. Rf5 {Accuracy: White = 77%, Black = 36%.} 1-0